000 00526nam a2200169Ia 4500
005 20250923145148.0
008 008 250917s9999 xx 000 0 eng d
037 _aTextual
040 _aDSWL
_beng
_cDSWL
041 _aeng
_2eng
084 _aYXp73,M79, N66;1
_qDSWL
245 0 _aSocial Welfare Forum, 1966
_cby National , Conference on - Social
260 _aNew York
_b Columbia University Press
_c1966
300 _axi,346p.
942 _cTEXL
_hYXp73,M79, N66;1
999 _c1447913
_d1447913